Dynamics of recidivism in sexual and violent offending: results of a longitudinal study

This volume seeks to understand and prevent recidivism among persons convicted of sex offenses. By comparing prison inmates convicted of sex offenses to other serious violent offenders, this work explores how multifaceted factors influence reoffending. It also examines the effectiveness of correctio...

Ausführliche Beschreibung

Gespeichert in:  
Bibliographische Detailangaben
1. VerfasserIn: Wössner, Gunda 1970- (Verfasst von)
Medienart: Elektronisch Buch
Sprache:Englisch
Veröffentlicht: Cham Springer [2025]
In:Jahr: 2025
Online-Zugang: Volltext (lizenzpflichtig)
Verfügbarkeit prüfen: HBZ Gateway
Buchbeschaffung:Buchbestellung aufgeben
Subito Bestelldienst: Jetzt bestellen.
Schlagwörter:
Parallele Ausgabe:Nicht-Elektronisch

MARC

LEADER 00000cam a2200000 c 4500
001 1940144841
003 DE-627
005 20260217180625.0
007 cr uuu---uuuuu
008 251104s2025 sz |||||o 00| ||eng c
020 |a 9783031930386 
024 7 |a 10.1007/978-3-031-93038-6  |2 doi 
035 |a (DE-627)1940144841 
035 |a (DE-599)KEP120019930 
040 |a DE-627  |b ger  |c DE-627  |e rda 
041 |a eng 
044 |c XA-CH 
072 7 |a JKVP  |2 bicssc 
072 7 |a SOC004000  |2 bisacsh 
082 0 |a 364.6  |2 23 
100 1 |a Wössner, Gunda  |d 1970-  |e VerfasserIn  |0 (DE-588)123737389  |0 (DE-627)516837737  |0 (DE-576)18282568X  |4 aut 
109 |a Wössner, Gunda 1970- 
245 1 0 |a Dynamics of recidivism in sexual and violent offending  |b results of a longitudinal study  |c Gunda Wössner 
264 1 |a Cham  |b Springer  |c [2025] 
300 |a 1 Online-Ressource (xiii, 236 Seiten)  |b Diagramme 
336 |a Text  |b txt  |2 rdacontent 
337 |a Computermedien  |b c  |2 rdamedia 
338 |a Online-Ressource  |b cr  |2 rdacarrier 
520 |a This volume seeks to understand and prevent recidivism among persons convicted of sex offenses. By comparing prison inmates convicted of sex offenses to other serious violent offenders, this work explores how multifaceted factors influence reoffending. It also examines the effectiveness of correctional treatment in reducing the risk of reoffending after a prison sentence due to a sex offence. - Based on a quasi-experimental, multimethod longitudinal study of 400 inmates from Germany, including self-reported recidivism and interviews with released offenders, this volume will be of interest to researchers in criminology and criminal justice, forensic psychology, and sociology, as well as law enforcement and policy makers. 
650 0 |a Corrections. 
650 0 |a Punishment. 
650 0 |a Criminal behavior. 
650 0 |a Forensic psychology. 
650 4 |a Récidive 
650 4 |a Violence sexuelle 
650 4 |a Délinquants sexuels 
650 4 |a Crimes violents 
650 4 |a Recidivism 
650 4 |a Sex crimes 
650 4 |a Sex Offenders 
650 4 |a Violent crimes 
776 1 |z 9783031930379 
776 0 8 |i Erscheint auch als  |n Druck-Ausgabe  |a Wössner, Gunda, 1970 -   |t Dynamics of recidivism in sexual and violent offending  |d Cham : Springer, 2025  |h xiii, 236 Seiten  |w (DE-627)193984911X  |z 9783031930379  |k Non-Electronic 
856 4 0 |u https://doi.org/10.1007/978-3-031-93038-6  |m X:SPRINGER  |x Resolving-System  |z lizenzpflichtig  |3 Volltext  |7 1 
912 |a ZDB-2-SEB  |b 2025 
912 |a ZDB-2-LCR  |b 2025 
912 |a ZDB-2-SXLC  |b 2025 
935 |a mkri 
951 |a BO 
ELC |a 1 
LOK |0 000 xxxxxcx a22 zn 4500 
LOK |0 001 4826084064 
LOK |0 003 DE-627 
LOK |0 004 1940144841 
LOK |0 005 20251210115446 
LOK |0 008 251210||||||||||||||||ger||||||| 
LOK |0 040   |a DE-Frei85  |c DE-627  |d DE-Frei85 
LOK |0 852   |a DE-Frei85 
LOK |0 852 1  |m p  |9 00 
LOK |0 938   |k p 
LOK |0 939   |a 10-12-25  |b l01 
ORI |a WA-MARC-krimdoka001.raw 
PDA |a yes